Ako sa to vôbec mohlo stať? : rómski i nerómski nadšenci kultúry sú sklamaní

Podrobná bibliografia
Hlavný autor: Hlaváč, Gabriel (Author)
Ďalší autori: Husárová, Jolana (Interviewee)
Médium: Článok
Jazyk:Slovak
Témy:
Zdroj: 1. Romano nevo ľil 1. Roč. 14, č. 656-663 (2004), s. 10
LEADER 00820nab#a2200277#ar4500
001 000049913
003 SVKKK
005 20041015132558.0
008 041015c2004 xo e slo
FMT
038 |a SVKKK 
040 |a SVKKK  |b slo  |e AACR2 
041 0 |a slo 
044 |a xo  |c SK 
080 |a 7.079  |2 1997 
100 1 |a Hlaváč, Gabriel  |4 aut 
245 1 0 |a Ako sa to vôbec mohlo stať? :  |b rómski i nerómski nadšenci kultúry sú sklamaní  |c Gabriel Hlaváč ; Jolana Husárová 
650 0 4 |a festivaly hudobné  |x Festival rómskej kultúry pod Tatrami  |z Poprad (Slovensko)  |x ročník 13.  |x problémy 
700 1 |a Husárová, Jolana  |4 ive 
773 0 |t Romano nevo ľil  |g Roč. 14, č. 656-663 (2004), s. 10 
958 |a RQ 
974 |a Fav 
992 |a RBX 
BAS
852 |a SVKKK  |b BIB 
998 |a ROM